| 000 | 02310cam a2200493Li 4500 | ||
|---|---|---|---|
| 999 |
_c79732 _d317009 |
||
| 001 | 45728882 | ||
| 003 | OCoLC | ||
| 005 | 20220314153058.0 | ||
| 006 | m o d | ||
| 007 | cr cn| | ||
| 008 | 001106t19991999enka o 001 0 eng d | ||
| 020 | _a0585294194 (electronic bk.) | ||
| 020 | _a9780585294193 (electronic bk.) | ||
| 020 | _a9781420050875 (ebook) | ||
| 020 | _a1420050877 (ebook) | ||
| 020 | _a9780750305204 (hbk.) | ||
| 020 | _a0750305207 (hbk.) | ||
| 020 | _a9780750305211 (pbk.) | ||
| 020 | _a0750305215 (pbk.) | ||
| 035 | _a(OCoLC)45728882 | ||
| 040 |
_aN$T _beng _erda _cN$T _dOCL _dOCLCQ _dYDXCP _dOCLCQ _dTUU _dOCLCQ _dTNF _dUV0 _dTULIB |
||
| 050 | 4 |
_aQC174.884 _b.D35 1999eb |
|
| 072 | 7 |
_aSCI _x055000 _2bisacsh |
|
| 082 | 0 | 4 |
_a530.13076 _221 _bDDP |
| 100 | 1 |
_aDalvit, Diego A. R. _989487 |
|
| 245 | 1 | 0 |
_aProblems on statistical mechanics / _cDiego A.R. Dalvit, Jaime Frastai, Ian D. Lawrie. |
| 264 | 1 |
_aBristol ; _aPhiladelphia : _bInstitute of Physics Pub., _c[1999] |
|
| 264 | 4 | _c℗♭1999 | |
| 300 |
_a1 online resource (vii, 284 pages) : _billustrations. |
||
| 490 | 1 | _aGraduate student series in physics | |
| 500 | _aIncludes index | ||
| 506 | _aAvailable to OhioLINK libraries | ||
| 650 | 0 |
_aStatistical mechanics _vProblems, exercises, etc. _989488 |
|
| 650 | 4 |
_aStatistical mechanics _xProblems, exercises, etc. _989489 |
|
| 655 | 4 |
_aElectronic books. _989490 |
|
| 700 | 1 |
_aFrastai, Jaime. _989491 |
|
| 700 | 1 |
_aLawrie, Ian D. _989492 |
|
| 710 | 2 |
_aOhio Library and Information Network. _989493 |
|
| 776 | 0 | 8 |
_iPrint version: _aDalvit, Diego A.R. _tProblems on statistical mechanics. _dBristol ; Philadelphia : Institute of Physics Pub., c1999 _z0750305215 _w(DLC) 99016504 _w(OCoLC)41580362 |
| 830 | 0 |
_aGraduate student series in physics. _98923 |
|
| 856 | 4 | 0 |
_3EBSCOhost (OhioLINK access limited to 1 user at a time. Try again later if not working.) _uhttp://search.ebscohost.com/login.aspx?direct=true&scope=site&db=nlebk&db=nlabk&AN=27509 _zConnect to resource |
| 856 | 4 | 0 |
_3EBSCOhost (OhioLINK access limited to 1 user at a time. Try again later if not working.) _uhttp://proxy.ohiolink.edu:9099/login?url=http://search.ebscohost.com/login.aspx?direct=true&scope=site&db=nlebk&db=nlabk&AN=27509 _zConnect to resource (off-campus) |
| 942 |
_2ddc _cBOOK |
||